Common Northeastern Birds Practice - Statistics

General Stats
  • This quiz has been taken 26 times
  • The average score is 11 of 22
Answer Stats
Picture Answer % Correct
House Sparrow
83%
Blue Jay
75%
Eastern Bluebird
75%
Black-capped Chickadee
67%
Downy Woodpecker
58%
Tufted Titmouse
58%
American Goldfinch
50%
American Robin
50%
Carolina Wren
50%
House Finch
50%
Mourning Dove
50%
Northern Cardinal
50%
Red-bellied Woodpecker
50%
Red-tailed Hawk
50%
White-breasted Nuthatch
50%
American Crow
42%
Common Grackle
42%
Dark-eyed Junco
42%
Northern Flicker
33%
Northern Mockingbird
33%
Song Sparrow
25%
House Wren
17%
No matching quizzes found
Score Distribution
Percent of People with Each Score
Percentile by Number Answered
Your Score History
You have not taken this quiz